000 00798nam a2200229Ia 4500
003 IT-RoPAU
005 20220918175900.0
008 120407s9999 xx 000 0 und d
040 _aIT-RoPAU
_c20131125151148.0
040 _cIT-RoPAU
041 _aita
100 _aGiovanni Roatta
_93506
245 _aNel terzo anniversario della morte di don Giacomo Alberione: il senso di Dio; il senso dell’uomo; il senso della storia in “D. Alberione. 3° anniversario” pp. 5-28
250 _aRoma
260 _aImsa - UM
300 _a45 p.
300 _c17 cm
490 _v1
520 _aIndice Presentazione - D. Zanoni Il senso di Dio - D. Roatta Il senso dell'uomo - D. Roatta Il senso della storia - D. Roatta Chi fu D. Alberione - D. Gambi
942 _cBK
_2ddc
999 _c34752
_d34752